000 01255cam a22003497a 4500
003 CHAP
005 20220329134229.0
008 971013s1987 r 00010 d
010 _a17324
011 _a18296
035 _a22381
040 _cCHAP
082 _a575.0162
_bJ6
100 0 0 _aJohnson Gleason, Eduardo Lee.
_961785
245 0 _aEvolución
_b: orígenes de la diversidad de los seres vivos
260 _aMéxico, D.F., :
_bCECSA,
_c1987
300 _a125 p.
_b: ilus
590 _aBATCH-UPD
_b10
_c20130110
_lUCH01
_h0102
590 _aBATCH-UPD
_b10
_c20130110
_lUCH01
_h1831
590 _aBATCH-UPD
_b10
_c20130409
_lUCH01
_h2052
590 _aBATCH-UPD
_b10
_c20130410
_lUCH01
_h1203
590 _aBATCH-UPD
_b10
_c20130914
_lUCH01
_h1035
590 _aCONVERSION
_b10
_c20130109
_lUCH01
_h1311
650 1 4 _aEvolución.
_939007
650 1 4 _aVida
_xOrigen.
_9119147
710 0 _aConsejo Nacional para la Enseñanza de la Biología. México.
_927329
901 _aBK
942 _cLIBRO
949 _a575.0162 J6
_bBC
_cLIBRO
_d-52381
_eLIBRO
_fc.3
_gI.C/E
_h71584
_i22381
_si
949 _a575.0162 J6
_bBC
_cLIBRO
_d33724000120838
_eLIBRO
_gI.C/E
_h71582
_i22381
_si
949 _a575.0162 J6
_bBC
_cLIBRO
_d33724000425997
_eLIBRO
_fc.2
_gI.c/e
_h71583
_i22381
_si
999 _c17324
_d17324